[Event "Budapest Vezerkepzo IM 2nd"]
[Site "Budapest"]
[Date "2021.04.14"]
[Round "1"]
[White "Mahieu, Luc"]
[Black "Song, Julien"]
[Result "0-1"]
[WhiteElo "2164"]
[BlackElo "2320"]
[PlyCount "100"]
[EventDate "2021.04.14"]
[EventType "tourn"]
[EventRounds "9"]
[EventCountry "HUN"]
[EventCategory "1"]
[SourceTitle "CBM 202 Extra"]
[Source "ChessBase"]
[SourceDate "2021.07.31"]
[SourceVersion "1"]
[SourceVersionDate "2021.07.31"]
[SourceQuality "1"]

1. e4 e6 2. d4 d5 3. Nc3 Nf6 4. Bg5 dxe4 5. Nxe4 Be7 6. Bxf6 Bxf6 7. Nf3 Nd7 8. Bd3 c5 9. dxc5 Nxc5 10. Nxc5 Qa5+ 11. c3 Qxc5 12. 0-0 0-0 13. Qc2 g6 14. Nd2 Bg7 15. Ne4 Qc7 16. Rfe1 Bd7 17. Qd2 Rad8 18. Qe3 Bc6 19. Bc2 b6 20. Qg5 h6 21. Qh4 f5 22. Ng3 Bd5 23. Red1 Kh7 24. Bb3 Bb7 25. Qc4 Qxc4 26. Bxc4 e5 27. Nf1 e4 28. g3 g5 29. Ne3 f4 30. Rxd8 Rxd8 31. Rd1 Rc8 32. Bd5 Bxd5 33. Nxd5 Rd8 34. Kf1 Rd6 35. Ke2 Be5 36. Ne7 Rxd1 37. Kxd1 Bd6 38. Nd5 Kg6 39. Ke2 Kf5 40. f3 fxg3 41. Ne3+ Ke6 42. hxg3 Bxg3 43. fxe4 h5 44. Nf5 Bh2 45. Nd4+ Kf6 46. b4 g4 47. a4 h4 48. c4 h3 49. a5 bxa5 50. bxa5 Be5 0-1

[Event "Bassano del Grappa op"]
[Site "Bassano del Grappa"]
[Date "2021.02.13"]
[Round "3"]
[White "Mahieu, Luc"]
[Black "Ghiotto, Marco Luigi"]
[Result "1/2-1/2"]
[WhiteElo "2166"]
[BlackElo "2091"]
[PlyCount "135"]
[EventDate "2021.02.12"]
[EventType "swiss"]
[EventRounds "9"]
[EventCountry "ITA"]
[SourceTitle "EXT 2023"]
[Source "ChessBase"]
[SourceDate "2022.10.05"]
[SourceVersion "1"]
[SourceVersionDate "2022.10.05"]
[SourceQuality "1"]

1. e4 e6 2. d4 d5 3. Nc3 Nf6 4. Bg5 Be7 5. e5 Nfd7 6. h4 a6 7. Qg4 Bxg5 8. hxg5 c5 9. g6 f5 10. Qf4 h6 11. Nf3 0-0 12. 0-0-0 Nc6 13. dxc5 Nxc5 14. Bc4 Qe8 15. Rxd5 Ne4 16. Nd4 Nxd4 17. Rxd4 Nxc3 18. bxc3 b5 19. Bb3 a5 20. Rd6 a4 21. Qf3 Ra7 22. Bd5 exd5 23. Qxd5+ Kh8 24. Rd1 Bb7 25. Qd4 Ra8 26. f4 Bxg2 27. Rd2 Bf1 28. a3 Bc4 29. Kb2 Rc8 30. Qb6 Qe7 31. Qd4 Bg8 32. Rh2 Rcd8 33. Kc1 Rxd6 34. exd6 Qf6 35. Qc5 Qxg6 36. Rd2 Rd8 37. Qc7 Qf6 38. d7 Qe7 39. Rd6 Kh7 40. Kb2 Bf7 41. Qc6 h5 42. Qc7 h4 43. Qc6 g6 44. Rd3 Be6 45. Re3 Qxd7 46. Qh1 Qd5 47. Qxh4+ Kg7 48. Rxe6 Qxe6 49. Qxd8 Qc6 50. Qe7+ Kg8 51. Qd8+ Kf7 52. Qh8 Ke7 53. Qg7+ Kd8 54. Qf8+ Kc7 55. Qe7+ Kb6 56. Qd8+ Kb7 57. Qg5 Qd6 58. Qg2+ Kc7 59. Qf2 Kd7 60. Qa7+ Ke6 61. Qe3+ Kf7 62. Qg3 Qd1 63. Qg2 Qg4 64. Qb7+ Kg8 65. Qb6 Qxf4 66. Qxg6+ Kf8 67. Qf6+ Kg8 68. Qg6+ 1/2-1/2

[Event "Bassano del Grappa op"]
[Site "Bassano del Grappa"]
[Date "2021.02.12"]
[Round "1"]
[White "Novotny, David"]
[Black "Mahieu, Luc"]
[Result "0-1"]
[WhiteElo "1979"]
[BlackElo "2166"]
[PlyCount "60"]
[EventDate "2021.02.12"]
[EventType "swiss"]
[EventRounds "9"]
[EventCountry "ITA"]
[SourceTitle "EXT 2023"]
[Source "ChessBase"]
[SourceDate "2022.10.05"]
[SourceVersion "1"]
[SourceVersionDate "2022.10.05"]
[SourceQuality "1"]

1. e4 c5 2. Nf3 d6 3. d4 cxd4 4. Nxd4 Nf6 5. Nc3 a6 6. h3 e5 7. Nde2 h5 8. g3 Be7 9. Bg2 0-0 10. 0-0 Be6 11. a4 Qc7 12. Bg5 Nc6 13. Bxf6 Bxf6 14. Nd5 Bxd5 15. exd5 Ne7 16. Nc3 g6 17. g4 hxg4 18. hxg4 Bg5 19. Ne4 Bf4 20. Ra3 Kg7 21. Bh3 Rh8 22. Kg2 Rad8 23. Qd3 Rh4 24. c4 Ng8 25. g5 f5 26. gxf6+ Nxf6 27. Nxf6 Kxf6 28. Be6 Qh7 29. Kf3 Qh5+ 30. Ke4 g5 0-1

[Event "Cappelle Online Blitz op 1st"]
[Site "Europe Echecs INT"]
[Date "2021.01.10"]
[Round "10"]
[White "Mahieu, Luc"]
[Black "Schippke, Manon"]
[Result "1-0"]
[WhiteElo "2166"]
[BlackElo "1904"]
[PlyCount "63"]
[EventDate "2021.01.10"]
[EventType "swiss (blitz)"]
[EventRounds "11"]
[EventCountry "FRA"]
[SourceTitle "CBM 200 Extra"]
[Source "ChessBase"]
[SourceDate "2021.03.31"]
[SourceVersion "1"]
[SourceVersionDate "2021.03.31"]
[SourceQuality "1"]

1. e4 c5 2. Nf3 d6 3. d4 cxd4 4. Nxd4 Nf6 5. Nc3 Nc6 6. Bg5 e6 7. Qd2 Be7 8. 0-0-0 a6 9. f4 Bd7 10. Kb1 b5 11. Bxf6 gxf6 12. Nf3 Qa5 13. Bd3 b4 14. Ne2 Qb6 15. g4 a5 16. g5 a4 17. Nc1 a3 18. b3 Qc5 19. Ne2 Rc8 20. h4 Na7 21. Ned4 e5 22. fxe5 fxe5 23. Nf5 Bxf5 24. exf5 Nb5 25. Bxb5+ Qxb5 26. f6 Bf8 27. Rhe1 Qc5 28. Nxe5 Kd8 29. Nxf7+ Kc7 30. Nxh8 Kb8 31. Nf7 Ka8 32. Qd5+ 1-0

[Event "Cappelle Online Blitz op 1st"]
[Site "Europe Echecs INT"]
[Date "2021.01.10"]
[Round "5"]
[White "Nilsen, Joachim Birger"]
[Black "Mahieu, Luc"]
[Result "1-0"]
[WhiteElo "2418"]
[BlackElo "2166"]
[PlyCount "93"]
[EventDate "2021.01.10"]
[EventType "swiss (blitz)"]
[EventRounds "11"]
[EventCountry "FRA"]
[SourceTitle "CBM 200 Extra"]
[Source "ChessBase"]
[SourceDate "2021.03.31"]
[SourceVersion "1"]
[SourceVersionDate "2021.03.31"]
[SourceQuality "1"]

1. c4 Nf6 2. Nc3 g6 3. g3 Bg7 4. Bg2 0-0 5. e4 d6 6. Nge2 Nc6 7. 0-0 e5 8. d3 a5 9. h3 Nd7 10. f4 exf4 11. Bxf4 Nd4 12. Be3 Nxe2+ 13. Qxe2 Re8 14. Qd2 Nc5 15. Nd5 Ne6 16. Qf2 Rf8 17. Nf6+ Bxf6 18. Qxf6 Qxf6 19. Rxf6 Kg7 20. Raf1 Nc5 21. d4 Nd7 22. R6f2 c6 23. Bf4 f6 24. Bxd6 Rf7 25. e5 Nb6 26. exf6+ Kg8 27. Re1 Bd7 28. b3 a4 29. Bc5 Nc8 30. d5 axb3 31. axb3 Ra6 32. g4 h6 33. h4 Bxg4 34. Re8+ Kh7 35. dxc6 bxc6 36. Rd2 Rxf6 37. Bd4 c5 38. Bxf6 Rxf6 39. Rdd8 h5 40. Rxc8 Bxc8 41. Rxc8 Rf4 42. Rxc5 Rxh4 43. b4 Rd4 44. b5 Rd1+ 45. Kh2 Rb1 46. Rc6 g5 47. Be4+ 1-0

[Event "Glorney Cup"]
[Site "Dublin"]
[Date "2019.07.22"]
[Round "1"]
[White "Dawson, Euan"]
[Black "Mahieu, Luc"]
[Result "1/2-1/2"]
[WhiteElo "1806"]
[BlackElo "2049"]
[PlyCount "103"]
[EventDate "2019.07.22"]
[EventType "team-tourn"]
[EventRounds "5"]
[EventCountry "IRL"]
[SourceTitle "CBM 191 Extra"]
[Source "ChessBase"]
[SourceDate "2019.09.30"]
[SourceVersion "1"]
[SourceVersionDate "2019.09.30"]
[SourceQuality "1"]
[WhiteTeam "Scotland"]
[BlackTeam "France"]
[WhiteTeamCountry "SCO"]
[BlackTeamCountry "FRA"]

1. e4 c5 2. Nc3 d6 3. g3 g6 4. Bg2 Bg7 5. d3 Nf6 6. Nge2 0-0 7. 0-0 Nc6 8. h3 Rb8 9. Be3 b5 10. Qc1 b4 11. Nd1 Bb7 12. Bh6 Nd4 13. Nxd4 cxd4 14. Bxg7 Kxg7 15. c4 a5 16. f4 Nd7 17. g4 Qb6 18. Nf2 Rbc8 19. Qd2 Rc7 20. g5 f5 21. exf5 Bxg2 22. Kxg2 Qc6+ 23. Kh2 gxf5 24. Qe2 e5 25. Qh5 d5 26. cxd5 Qg6 27. Qxg6+ hxg6 28. Rac1 Rfc8 29. Rxc7 Rxc7 30. fxe5 Nxe5 31. Kg3 Rd7 32. Re1 Rxd5 33. Kf4 Nf7 34. h4 Rc5 35. Re2 a4 36. Nh3 Rc1 37. h5 gxh5 38. Kxf5 Rc5+ 39. Kf4 b3 40. axb3 axb3 41. Rg2 Rc2 42. Rf2 Kg6 43. Kg3 Nxg5 44. Nf4+ Kh6 45. Rxc2 bxc2 46. Ne2 Ne6 47. b4 Kg5 48. b5 Nc5 49. b6 Kf5 50. Nxd4+ Ke5 51. Nxc2 Kd6 52. Kh4 1/2-1/2

[Event "FRA-ch U16"]
[Site "Hyeres"]
[Date "2019.04.14"]
[Round "1"]
[White "Boyer, Mahel"]
[Black "Mahieu, Luc"]
[Result "1-0"]
[WhiteElo "2342"]
[BlackElo "1985"]
[PlyCount "106"]
[EventDate "2019.04.14"]
[EventType "swiss"]
[EventRounds "9"]
[EventCountry "FRA"]
[SourceTitle "CBM 190 Extra"]
[Source "ChessBase"]
[SourceDate "2019.07.15"]
[SourceVersion "1"]
[SourceVersionDate "2019.07.15"]
[SourceQuality "1"]

1. e4 c5 2. d3 d6 3. g3 g6 4. Bg2 Bg7 5. f4 Nf6 6. Nf3 0-0 7. 0-0 Nc6 8. Nc3 Rb8 9. h3 b5 10. g4 b4 11. Ne2 a5 12. Be3 Bd7 13. Qd2 a4 14. Rab1 Qc7 15. f5 Na7 16. Bh6 c4 17. Bxg7 Kxg7 18. Nf4 Bc6 19. g5 Ne8 20. dxc4 Qb6+ 21. Qd4+ Qxd4+ 22. Nxd4 Bd7 23. Rbe1 Nc6 24. Nxc6 Bxc6 25. fxg6 hxg6 26. e5 Bxg2 27. Kxg2 e6 28. b3 axb3 29. axb3 dxe5 30. Rxe5 Nd6 31. Rd1 Rfd8 32. Rd3 Kf8 33. c3 bxc3 34. Rxc3 Nf5 35. Nd3 Rd4 36. c5 Rbd8 37. Nf2 Ke7 38. Re1 Rb4 39. c6 Rc8 40. Nd3 Rb6 41. Ne5 Nd4 42. Rd1 Nxc6 43. Rd7+ Ke8 44. Rd6 Rxb3 45. Rcxc6 Ra8 46. Rc2 Rb5 47. Nf3 Kf8 48. Rd4 Rf5 49. Rc3 Re8 50. Re3 Ra5 51. Kg3 Rf5 52. Kg2 Rb8 53. Kg3 Re8 1-0

[Event "Mont de Marsan Noel op 15th"]
[Site "Mont de Marsan"]
[Date "2018.12.28"]
[Round "5"]
[White "Mahieu, Luc"]
[Black "Bernal Moro, Luis Javier"]
[Result "0-1"]
[WhiteElo "1962"]
[BlackElo "2418"]
[PlyCount "84"]
[EventDate "2018.12.26"]
[EventType "swiss"]
[EventRounds "9"]
[EventCountry "FRA"]
[SourceTitle "CBM 190 Extra"]
[Source "ChessBase"]
[SourceDate "2019.07.15"]
[SourceVersion "1"]
[SourceVersionDate "2019.07.15"]
[SourceQuality "1"]

1. e4 c5 2. Nf3 d6 3. d4 cxd4 4. Nxd4 Nf6 5. Nc3 Nc6 6. Bg5 e6 7. Qd2 Be7 8. 0-0-0 0-0 9. f4 h6 10. Bh4 e5 11. Nxc6 bxc6 12. fxe5 dxe5 13. Qxd8 Rxd8 14. Bc4 Bg4 15. Rxd8+ Bxd8 16. Bg3 Bc7 17. Rf1 Kf8 18. h3 Bd7 19. Rd1 Be8 20. Bh4 Ke7 21. Be2 Bb6 22. Bxf6+ Kxf6 23. Bg4 Rd8 24. Rxd8 Bxd8 25. Kd2 Kg5 26. Ke3 Bb6+ 27. Kf3 h5 28. Bc8 h4 29. Na4 Bg1 30. b4 f6 31. Nc5 Bh5+ 32. Bg4 Bxg4+ 33. hxg4 Bxc5 34. bxc5 g6 35. a4 a5 36. c3 f5 37. gxf5 gxf5 38. exf5 Kxf5 39. Ke3 e4 40. Kd4 Kf4 41. c4 e3 42. Kd3 h3 0-1